000 00844nam a2200217 i 4500
001 70422
003 ES-MaACL
005 20251207111957.0
007 t|
008 040723s1963 sp ||||1| spa d
100 1 _aGarcía Serrano, Rafael.
_955295
245 1 4 _aLos sanfermines /
_cRafael García Serrano ; fotografías de Ramón Masats ; texto de Rafael García Serrano ; versión francesa por Claude Martin ; versión inglesa por Alfred Sire ; versión alemana por Francisco de A. Caballero.
260 _aMadrid :
_bEspasa-Calpe,
_c1963.
300 _a275 p., 152 lám. ;
_c29 cm.
700 0 _aMasats, Ramón,
_d1931-2024
_978672
700 1 _aMartin, Claude
_977277
700 1 _aSire, Alfred.
_9106668
700 0 _aCaballero, Francisco de Asís
_933082
852 _aES-MaACL
_jC-22877
_bR.51637
999 _c70422
_d70422